00377nam a2200145Ia 450000500170000000800410001703700130005804000200007104100130009108400280010410000120013224500460014426000320019030000090022220250326123715.0250326s9999 xx 000 0 und d aTextbook aFMSLbengcFMSL aeng2eng aX3obD658(2:55) P0qFMSL aRai A N 0aCommunication in the digital agecRai A N aDelhibDelhi, Authorsc2000 a361p